Justiȧ com desconto Uma visô crt̕ica da conciliaȯ̂ na Execuȯ̂ Trabalhista /

Detalles Bibliográficos
Autor principal: de Oliveira, Jos ̌Antn̥io
Formato: eBook
Lenguaje:portugués
Publicado: San Pablo: Letras Jurídicas Editora, 2016
Materias:
Acceso en línea:Acceso restringido

MARC

LEADER 00000nam a22000007a 4500
005 2020072301291.0
007 cr|||| ||||
008 200723s2016 br |||||s|||| 00||0 por d
020 |a 978-85-8248-093-9 
035 |a 31871 
040 |a vLex 
090 |c 10694  |d 10694 
100 1 |a de Oliveira, Jos ̌Antn̥io 
245 1 0 |a Justiȧ com desconto  |h [Recurso electrn̤ico] :  |b Uma visô crt̕ica da conciliaȯ̂ na Execuȯ̂ Trabalhista /  |c Jos ̌Antn̥io de Oliveira 
256 |a Servicio en ln̕ea 
260 |a San Pablo:  |b Letras Jurídicas Editora,  |c 2016 
300 |a 1 recurso electrn̤ico 
500 |a Este livro ̌produto de uma obra acadm̊ica concebida no Mestrado em Direito, essencialmente de estudo bibliogrf̀ico e doutrinr̀io analisado ̉luz da prt̀ica judicir̀ia trabalhista. Longe de ser uma crt̕ica simplr̤ia ao instituto da conciliaȯ̂, este estudo tem a pretensô de ser a proposta de uma reflexô, que parece nô fazer parte de qualquer discussô do meio jurisdicional, para uma integral aplicaȯ̂ dos princp̕ios da justiȧ e do prp̤rio Direito do Trabalho, em especial o Princp̕io da Irrenunciabilidade de direitos. É, porm̌, uma crt̕ica ao sistema institucionalizado da conciliaȯ̂ em qualquer fase processual, como se essa fosse a tb̀ua de salvaȯ̂ do sabido e propagado “gargalo” existente na execuȯ̂, sem que se d ̊conta de que, na verdade, essa sistemt̀ica serve para manipulaȯ̂, pelo poder econm̥ico, do processo e do prp̤rio poder Judicir̀io Trabalhista. Para aquela reflexô, exorta-se ao estudo das “Teorias da Justiȧ como Igualdade”, de Aristt̤eles e “Justiȧ como Equidade”, de John Rawls, especialmente relevantes numa disputa judicial envolvendo partes tô desiguais social e economicamente. Assim, mesmo sabedores da impossibilidade em se atingir a justiȧ integral, nô pode esta afirmaȯ̂ servir de argumento para o abandono da ideia e do esforȯ em tentar alcan-̇̀la, especialmente aperfeiȯando-se a atuaȯ̂ das instituiė̳s. 
506 1 |a Disponible solo en los productos indicados  |d vLex Global  |d vLex Global (Academic Edition, excluding Law Schools)  |d vLex Global (U.S. Academic Edition, Law Schools)  |d vLex Global (U.S. Academic Edition, excluding Law Schools)  |d vLex Global (Academic Edition, Law Schools) 
650 0 4 |a Derecho Laboral y Seguridad Social  |z Brasil 
740 0 |a vLex Libros (Servicio en ln̕ea) 
856 4 0 |u http://vlex.com/source/justi-a-com-desconto-uma-vis-o-critica-da-concilia-o-na-execu-o-trabalhista-31871  |z Acceso restringido 
942 |c BOOK 
999 0 |a Labor law and social security